[Event "V. Solinger Karnevals-Open"]
[Site "Solingen"]
[Date "2014.03.01"]
[Round "3.33"]
[White "Lehmann, Tornalf"]
[Black "Luig, Benjamin"]
[Result "1/2-1/2"]
[WhiteElo "1645"]
[BlackElo "1877"]
[PlyCount "181"]
[EventDate "2014.??.??"]
[WhiteTeam "SC Heilsbronn 1951 e.V."]
[BlackTeam "Post-Telekom SV 1925 Aachen e.V."]

1. e4 c6 2. d4 d5 3. exd5 cxd5 4. c4 Nf6 5. Nc3 g6 6. Nf3 Bg7 7. Be2 O-O 8. O-O
Nc6 9. Be3 Bg4 10. c5 Ne4 11. h3 Nxc3 12. bxc3 Bxf3 13. Bxf3 e6 14. Qa4 Qa5 15.
Qb3 b6 16. cxb6 Qxb6 17. Rfd1 Qc7 18. Rac1 Na5 19. Qc2 Rfc8 20. Be2 Nc4 21.
Bxc4 Qxc4 22. Rd3 Rab8 23. Qd2 Rb5 24. Rc2 Rb1+ 25. Kh2 Rcb8 26. Qe2 Ra1 27.
Rdd2 Qc7+ 28. g3 Rbb1 29. f4 Re1 30. Qf3 Qc4 31. Qf2 Bf8 32. Re2 Rf1 33. Qg2
Ba3 34. Rf2 Rfe1 35. Rfe2 Qd3 36. Rcd2 Qxc3 37. Rxe1 Rxe1 38. Re2 Rd1 39. Qf2
Qd3 40. Rd2 Rxd2 41. Qxd2 Qxd2+ 42. Bxd2 Bb2 43. Be3 Kf8 44. Kg2 Ke7 45. Kf2
Kd6 46. Ke2 Bc3 47. Kd3 Be1 48. g4 Kc6 49. Kc2 Kb5 50. Kb3 a6 51. g5 Bg3 52. a3
Be1 53. a4+ Ka5 54. Ka3 Bb4+ 55. Kb3 Be7 56. Bd2+ Kb6 57. Kc3 f6 58. h4 fxg5
59. hxg5 Bd6 60. Kd3 Kc6 61. Kc3 Bc7 62. Kb3 Bb6 63. Bc3 Kd7 64. Kb4 Kc6 65.
Kb3 Bc7 66. Bd2 Bd6 67. Kc3 Bf8 68. Kb3 h6 69. gxh6 Bxh6 70. Kb4 Kb6 71. Kc3
Bg7 72. Kd3 Bf6 73. Kc3 Bh4 74. Be3 Be1+ 75. Kb3 Kc6 76. Kc2 Kb6 77. Kb3 Ka5
78. Ka3 Kb6 79. Kb3 Kc7 80. Kc2 Kd6 81. Kd1 Bb4 82. Kc2 Ke7 83. Kb3 Be1 84. Kc2
Kf6 85. Kd1 Bb4 86. Ke2 Kf5 87. Kf3 Bc3 88. Bf2 Bd2 89. Bg3 Bc1 90. Bh2 Bb2 91.
Bg1 1/2-1/2

[Event "V. Solinger Karnevals-Open"]
[Site "Solingen"]
[Date "2014.03.01"]
[Round "3.34"]
[White "Vishanji, Franz"]
[Black "Winand, Michael"]
[Result "1-0"]
[WhiteElo "1616"]
[BlackElo "1680"]
[PlyCount "61"]
[EventDate "2014.??.??"]
[WhiteTeam "SV Turm Drolshagen 04"]
[BlackTeam "Aachener SV 1856 e.V."]

1. e4 e5 2. Nf3 Nc6 3. d4 exd4 4. Bc4 Nf6 5. e5 d5 6. Bb5 Ne4 7. Nxd4 Bd7 8.
Bxc6 bxc6 9. O-O Bc5 10. f3 Ng5 11. c3 O-O 12. f4 Ne4 13. Nd2 f5 14. Nxe4 fxe4
15. Kh1 Qe8 16. b4 Bb6 17. Ba3 Rf7 18. Qh5 Bxd4 19. cxd4 Qf8 20. Qh4 Rf5 21.
Qg3 Qf7 22. Rac1 Kh8 23. Kg1 Rb8 24. Qe3 h5 25. Rc5 g5 26. g3 h4 27. Rc2 hxg3
28. hxg3 gxf4 29. Rxf4 Kg7 30. Rg4+ Kf8 31. Qh6+ 1-0

[Event "V. Solinger Karnevals-Open"]
[Site "Solingen"]
[Date "2014.03.01"]
[Round "3.35"]
[White "Breuer, Cindy"]
[Black "Botvinnik, Alexander"]
[Result "0-1"]
[WhiteElo "1540"]
[BlackElo "1579"]
[PlyCount "68"]
[EventDate "2014.??.??"]
[WhiteTeam "SK Xanten e.V."]
[BlackTeam "Düsseldorfer SK 14/25 e."]

1. Nf3 Nf6 2. c4 e6 3. Nc3 d5 4. e3 Nc6 5. d4 Be7 6. c5 O-O 7. Bd3 b6 8. Qa4
Bd7 9. b4 Nxd4 10. b5 Nxf3+ 11. gxf3 Bxc5 12. Qh4 g6 13. Rg1 Ne8 14. Qh6 f5 15.
Bb2 Rf7 16. O-O-O Qe7 17. h4 Ba3 18. Bxa3 Qxa3+ 19. Kd2 Qf8 20. Qg5 Rg7 21. Rg2
Qf6 22. Qh6 Nd6 23. Rdg1 Nf7 24. Qf4 Qe5 25. Qg3 Qxg3 26. Rxg3 Ne5 27. h5 Rc8
28. e4 f4 29. Rg5 Nxf3+ 30. Kc2 Nxg1 31. Rxg1 gxh5 32. Rh1 Rg5 33. Rh4 Rf8 34.
Be2 d4 0-1

[Event "V. Solinger Karnevals-Open"]
[Site "Solingen"]
[Date "2014.03.02"]
[Round "4.1"]
[White "Inkiov, Ventzislav"]
[Black "Marcziter, Dmitrii"]
[Result "1-0"]
[WhiteElo "2419"]
[BlackElo "2277"]
[PlyCount "77"]
[EventDate "2014.??.??"]
[BlackTeam "DJK Aufwärts St. Josef Aachen 19"]

1. d4 d5 2. c4 e6 3. Nf3 c5 4. cxd5 exd5 5. Nc3 Nc6 6. g3 Nf6 7. Bg2 Be7 8. O-O
O-O 9. b3 Ne4 10. Bb2 Bf6 11. Na4 b6 12. Rc1 Be6 13. dxc5 Bxb2 14. Nxb2 bxc5
15. Nd2 Qa5 16. Nxe4 dxe4 17. Bxe4 Rad8 18. Nd3 Nd4 19. e3 f5 20. Bg2 Nxb3 21.
axb3 Qb5 22. Rxc5 Qxd3 23. Qxd3 Rxd3 24. b4 Rb3 25. b5 Rb8 26. Bc6 Ra3 27. Rd1
Kf7 28. Bf3 Rb6 29. Rc7+ Kf6 30. Be2 Ra2 31. Bf1 Bb3 32. Rdd7 a6 33. bxa6 Ra1
34. Rb7 Rxf1+ 35. Kxf1 Bc4+ 36. Ke1 Rxa6 37. Ra7 Rb6 38. Rdb7 Ra6 39. Rxg7 1-0

[Event "V. Solinger Karnevals-Open"]
[Site "Solingen"]
[Date "2014.03.02"]
[Round "4.2"]
[White "Peters, Alex"]
[Black "Schleining, Zoya"]
[Result "0-1"]
[WhiteElo "2212"]
[BlackElo "2362"]
[PlyCount "96"]
[EventDate "2014.??.??"]
[WhiteTeam "Brühler SK 1920 e.V."]
[BlackTeam "Düsseldorfer SK 14/25 e."]

1. Nf3 Nf6 2. b3 g6 3. Bb2 Bg7 4. e3 O-O 5. d4 d6 6. Nbd2 Nbd7 7. c4 b6 8. Qc2
Bb7 9. Be2 e6 10. O-O c5 11. Rfd1 Qc7 12. Rac1 Rac8 13. Qb1 Rfd8 14. Ng5 cxd4
15. Bxd4 Nc5 16. Bf3 Bxf3 17. Ndxf3 h6 18. Bxf6 Bxf6 19. Ne4 Nxe4 20. Qxe4 d5
21. Qb1 dxc4 22. Rxc4 Rxd1+ 23. Qxd1 Rd8 24. Qe2 Qd7 25. g3 b5 26. Rc2 Qd1+ 27.
Qxd1 Rxd1+ 28. Kg2 Ra1 29. Nd4 Bxd4 30. exd4 Kg7 31. Kf3 Kf6 32. h4 a6 33. d5
exd5 34. Rc6+ Ke5 35. Rxa6 Kd4 36. Ke2 Rb1 37. Rb6 Rb2+ 38. Kf3 Kc3 39. Rxb5 d4
40. Rc5+ Kd3 41. Ra5 Kd2 42. Ke4 d3 43. Rd5 f5+ 44. Kf3 Rxa2 45. Rd6 h5 46.
Rxg6 Ke1 47. Re6+ Re2 48. Rd6 Rxf2+ 0-1

[Event "V. Solinger Karnevals-Open"]
[Site "Solingen"]
[Date "2014.03.02"]
[Round "4.3"]
[White "Naundorf, Maik"]
[Black "Mladenov, Svetlin"]
[Result "1/2-1/2"]
[WhiteElo "2130"]
[BlackElo "2471"]
[PlyCount "195"]
[EventDate "2014.??.??"]
[WhiteTeam "SK Königsspringer Iserlo"]
[BlackTeam "SV Wattenscheid 1930"]

1. c4 c5 2. g3 g6 3. Bg2 Bg7 4. Nc3 Nc6 5. Nf3 d6 6. O-O e6 7. e3 Nge7 8. d4
O-O 9. b3 cxd4 10. Nxd4 Nxd4 11. exd4 Nf5 12. Be3 Qb6 13. Qd3 Bd7 14. Rad1 Rac8
15. Rfe1 Rfe8 16. Re2 Qb4 17. Rc2 Nxe3 18. fxe3 a6 19. Rdc1 Bc6 20. Qd2 Qb6 21.
Ne4 Bxe4 22. Bxe4 Rcd8 23. Bg2 e5 24. d5 a5 25. Kh1 Qc5 26. e4 b6 27. Rf1 Rf8
28. Bh3 Ra8 29. a4 Qc7 30. Rc3 Rae8 31. Rcf3 Qc5 32. Kg2 Qd4 33. Qe2 h5 34. Rd3
Qc5 35. Kh1 Bh6 36. Qf2 Qc7 37. Qe2 Kg7 38. Rdf3 Rb8 39. Qf2 Qe7 40. Qe2 Bg5
41. R3f2 Qc7 42. Rf3 Rbe8 43. Qf2 f5 44. Qe2 f4 45. Qg2 Qc5 46. gxf4 Bxf4 47.
Bd7 Re7 48. Bf5 Rf6 49. Rg1 Kf8 50. Be6 Qd4 51. Qe2 Rg7 52. Rd3 Qc5 53. Rf1 Ke7
54. Rh3 Qd4 55. Rd3 Qc5 56. Rh3 Rf8 57. Rg1 Rh8 58. Rf1 Rgh7 59. Rg1 g5 60. Bf5
Rh6 61. Rd3 Kd8 62. Rf1 Qc7 63. Qf2 g4 64. Qg2 Qc5 65. Qf2 Rg8 66. Qg2 Kc7 67.
Qe2 Kb7 68. Qg2 Rhh8 69. Qf2 Qc7 70. Qe1 Ra8 71. Qe2 Rhg8 72. Rg1 Qe7 73. Qf2
Qg5 74. Qe2 Raf8 75. Rf1 h4 76. Rg1 g3 77. h3 Rxf5 78. exf5 Qxf5 79. Kg2 Re8
80. Rf1 e4 81. Rdd1 Qe5 82. Rde1 e3 83. Rf3 Bg5 84. Rd1 Qc3 85. Rd3 Qc1 86. Rf1
Qa3 87. Rf3 Qc5 88. Rf5 Bh6 89. Rf7+ Kb8 90. Rd1 Qc8 91. Rdf1 Qc5 92. Rh7 Bg5
93. Rff7 Qd4 94. Rb7+ Ka8 95. Ra7+ Kb8 96. Rhb7+ Kc8 97. Rc7+ Kd8 98. Rd7+
1/2-1/2

[Event "V. Solinger Karnevals-Open"]
[Site "Solingen"]
[Date "2014.03.02"]
[Round "4.4"]
[White "Berg, Michael"]
[Black "Gorzinski, Dariusz"]
[Result "1/2-1/2"]
[WhiteElo "2303"]
[BlackElo "2018"]
[PlyCount "28"]
[EventDate "2014.??.??"]
[WhiteTeam "SG Solingen e.V."]
[BlackTeam "Märkischer Springer Halver-Schal"]

1. d4 d5 2. c4 c6 3. Nc3 dxc4 4. Nf3 Nf6 5. Ne5 b5 6. a4 b4 7. Nb1 e6 8. Bg5
Be7 9. e3 Bb7 10. Bxc4 Nbd7 11. Nd2 O-O 12. Nxd7 Nxd7 13. Bxe7 Qxe7 14. O-O c5
1/2-1/2

[Event "V. Solinger Karnevals-Open"]
[Site "Solingen"]
[Date "2014.03.02"]
[Round "4.5"]
[White "Flesch, Dr. Stefan"]
[Black "Pröttel, Swen"]
[Result "1/2-1/2"]
[WhiteElo "2106"]
[BlackElo "2207"]
[PlyCount "43"]
[EventDate "2014.??.??"]
[WhiteTeam "Düsseldorfer SK 14/25 e."]
[BlackTeam "OSC Rheinhausen 04 e.V."]

1. d4 f5 2. Nf3 Nf6 3. g3 g6 4. b3 Bg7 5. Bb2 O-O 6. Bg2 d6 7. O-O Qe8 8. Nbd2
Nc6 9. Nc4 e6 10. a4 a5 11. e3 Bd7 12. Rb1 h6 13. Nfd2 g5 14. f4 Qg6 15. Qe2
Rae8 16. Rbe1 b6 17. Na3 Ne4 18. Nxe4 fxe4 19. fxg5 hxg5 20. Nb5 Rxf1+ 21. Rxf1
Rc8 22. Ba3 1/2-1/2

[Event "V. Solinger Karnevals-Open"]
[Site "Solingen"]
[Date "2014.03.02"]
[Round "4.6"]
[White "Nagel, Bernhard"]
[Black "Vishanji, Adrian"]
[Result "1-0"]
[WhiteElo "2191"]
[BlackElo "1905"]
[PlyCount "49"]
[EventDate "2014.??.??"]
[WhiteTeam "Wiesbadener SV 1885"]
[BlackTeam "SV Turm Drolshagen 04"]

1. d4 Nf6 2. Nf3 d5 3. c4 e6 4. Bg5 Be7 5. Nc3 O-O 6. e3 b6 7. Rc1 Bb7 8. Bxf6
Bxf6 9. cxd5 exd5 10. Qb3 Re8 11. Be2 c6 12. O-O Nd7 13. a4 a5 14. Rfe1 Be7 15.
e4 dxe4 16. Nxe4 Bb4 17. Bc4 Re7 18. Re3 h6 19. Nc3 Rxe3 20. Bxf7+ Kf8 21. fxe3
Qe7 22. Rf1 Qxe3+ 23. Kh1 g5 24. Bh5 Qe7 25. Ne5+ 1-0

[Event "V. Solinger Karnevals-Open"]
[Site "Solingen"]
[Date "2014.03.02"]
[Round "4.7"]
[White "Esser, Thomas"]
[Black "Heinert, Eugen"]
[Result "0-1"]
[WhiteElo "1984"]
[BlackElo "2169"]
[PlyCount "66"]
[EventDate "2014.??.??"]
[WhiteTeam "SV Horrem 1948"]
[BlackTeam "OSC Rheinhausen 04 e.V."]

1. d4 d5 2. c4 dxc4 3. Nf3 Nf6 4. e3 Bg4 5. Bxc4 e6 6. O-O Nbd7 7. h3 Bh5 8.
Nc3 Bd6 9. e4 e5 10. Be3 a6 11. Be2 Bg6 12. dxe5 Nxe5 13. Nd2 Ned7 14. f4 Bc5
15. Bxc5 Nxc5 16. f5 Qd4+ 17. Kh1 O-O-O 18. Nf3 Qb4 19. Qe1 Bh5 20. g4 Ncxe4
21. gxh5 Nxh5 22. Rg1 Rhe8 23. Qh4 Neg3+ 24. Kh2 Qxh4 25. Nxh4 Nxe2 26. Rg5 h6
27. Rg2 Nxc3 28. bxc3 Rd3 29. f6 g6 30. Rf1 Ree3 31. Nxg6 Rxh3+ 32. Kg1 Ng3 33.
Kf2 Rd2+ 0-1

[Event "V. Solinger Karnevals-Open"]
[Site "Solingen"]
[Date "2014.03.02"]
[Round "4.8"]
[White "Vogt, Thomas"]
[Black "Drose, Daniela"]
[Result "1-0"]
[WhiteElo "2139"]
[BlackElo "1954"]
[PlyCount "109"]
[EventDate "2014.??.??"]
[WhiteTeam "SVigung Düren 13 Deric"]
[BlackTeam "Aachener SV 1856 e.V."]

1. d4 Nf6 2. Nf3 e6 3. g3 d5 4. Bg2 c5 5. c3 Nc6 6. Bf4 Qb6 7. Bc1 cxd4 8. cxd4
Bb4+ 9. Nc3 Ne4 10. Qd3 Qa5 11. Bd2 Bxc3 12. bxc3 b6 13. c4 Nxd2 14. Nxd2 Nb4
15. Qb1 Qa4 16. O-O Bd7 17. cxd5 Nxd5 18. e3 Nc3 19. Qb2 Rc8 20. Nf3 Bb5 21.
Rfe1 O-O 22. Ne5 Rc7 23. Qd2 Rfc8 24. h4 Nd5 25. Rec1 Rc2 26. Qe1 Qa3 27. Rxc2
Rxc2 28. Be4 Re2 29. Qc1 Qxc1+ 30. Rxc1 g6 31. Bxd5 exd5 32. Rc8+ Kg7 33. Rc7
Rxa2 34. Rxf7+ Kg8 35. Rb7 Ra1+ 36. Kh2 Ra2 37. Kg2 Be2 38. Nd7 Bd3 39. g4 Be4+
40. Kg3 Ra1 41. f3 Bd3 42. Kf4 b5 43. Ke5 Ra6 44. Nc5 Ra3 45. Kf6 h5 46. gxh5
gxh5 47. f4 Be2 48. Ne6 Ra6 49. f5 Rb6 50. Rxa7 Rb8 51. Kg5 Bg4 52. Nf4 Rf8 53.
f6 Rf7 54. Ra8+ Kh7 55. Ng6 1-0

[Event "V. Solinger Karnevals-Open"]
[Site "Solingen"]
[Date "2014.03.02"]
[Round "4.9"]
[White "Kolthoff, Siegmund"]
[Black "Herzum, Peter"]
[Result "0-1"]
[WhiteElo "2087"]
[BlackElo "1945"]
[PlyCount "70"]
[EventDate "2014.??.??"]
[WhiteTeam "Blau-Weiss Buchholz"]
[BlackTeam "Düsseldorfer SK 14/25 e."]

1. Nf3 d6 2. d4 f5 3. c4 Nf6 4. Nc3 g6 5. g3 Bg7 6. Bg2 O-O 7. O-O Qe8 8. d5
Na6 9. Rb1 Bd7 10. b4 c6 11. dxc6 Bxc6 12. b5 Bxf3 13. Bxf3 Nc5 14. Be3 Rd8 15.
Bxc5 dxc5 16. Qa4 Ng4 17. Rbc1 Ne5 18. Bxb7 g5 19. Rcd1 Qh5 20. Rxd8 Rxd8 21.
Kg2 e6 22. Qc2 Rd4 23. e3 Rxc4 24. Qe2 Qxe2 25. Nxe2 Rc2 26. Nc1 Ng4 27. Kg1 c4
28. a4 Bb2 29. Na2 Ba3 30. Bc8 Kf7 31. h3 Ne5 32. f4 gxf4 33. exf4 Nd3 34. Ra1
Bc5+ 35. Kh1 Bd4 0-1

[Event "V. Solinger Karnevals-Open"]
[Site "Solingen"]
[Date "2014.03.02"]
[Round "4.10"]
[White "Klamp, Christoph"]
[Black "Gebben, Alwin"]
[Result "1-0"]
[WhiteElo "2064"]
[BlackElo "1889"]
[PlyCount "43"]
[EventDate "2014.??.??"]
[WhiteTeam "SV Schachforum Darmstadt 1994"]
[BlackTeam "SK Nordhorn-Blanke"]

1. Nf3 Nf6 2. c4 c6 3. d4 d5 4. Qc2 e6 5. g3 Nbd7 6. Bg2 Bd6 7. O-O Ne4 8. Nc3
f5 9. Rb1 O-O 10. b4 Ndf6 11. b5 Nxc3 12. Qxc3 Ne4 13. Qc2 f4 14. Ne5 fxg3 15.
hxg3 cxb5 16. cxd5 exd5 17. Bxe4 dxe4 18. Qb3+ Kh8 19. Nf7+ Rxf7 20. Qxf7 Bg4
21. Rxb5 b6 22. Rg5 1-0

[Event "V. Solinger Karnevals-Open"]
[Site "Solingen"]
[Date "2014.03.02"]
[Round "4.11"]
[White "Buss, Harald"]
[Black "Richters, Marc"]
[Result "1-0"]
[WhiteElo "1945"]
[BlackElo "2062"]
[PlyCount "89"]
[EventDate "2014.??.??"]
[WhiteTeam "Schach Nienberge 2003"]
[BlackTeam "Kettwiger SG 194"]

1. e4 c5 2. Nf3 d6 3. Bb5+ Nc6 4. h3 Bd7 5. c3 g6 6. O-O Bg7 7. Re1 Nf6 8. d4
cxd4 9. cxd4 Qb6 10. Nc3 O-O 11. Bf1 e5 12. dxe5 dxe5 13. Bc4 h6 14. b3 Rfe8
15. Be3 Qd8 16. Qd2 g5 17. Rad1 a6 18. Nd5 Nxd5 19. Bxd5 Be6 20. Bxe6 Rxe6 21.
Qxd8+ Nxd8 22. Rd7 Bf8 23. Red1 Be7 24. R1d5 f6 25. Bc5 Bxc5 26. Rxc5 Rc6 27.
Rxc6 Nxc6 28. Rxb7 a5 29. Rb6 Nb4 30. a3 Nc2 31. Rxf6 Kg7 32. Rb6 Nxa3 33. Rb7+
Kf6 34. Rb6+ Kg7 35. Nxe5 a4 36. Rb7+ Kf6 37. Ng4+ Ke6 38. Rb6+ Ke7 39. bxa4
Rxa4 40. Rb7+ Ke6 41. Rb6+ Ke7 42. Rxh6 Rxe4 43. Rg6 Nc4 44. Rxg5 Nd6 45. Re5+
1-0

[Event "V. Solinger Karnevals-Open"]
[Site "Solingen"]
[Date "2014.03.02"]
[Round "4.12"]
[White "Zolfagharian, Kevin"]
[Black "Rofalski, Stefan"]
[Result "1/2-1/2"]
[WhiteElo "2058"]
[BlackElo "1823"]
[PlyCount "109"]
[EventDate "2014.??.??"]
[WhiteTeam "SG Solingen e.V."]
[BlackTeam "Rheydter SV 1920"]

1. e4 e6 2. d4 d5 3. Nc3 Nf6 4. e5 Nfd7 5. f4 c5 6. Nf3 Nc6 7. Be3 a6 8. Be2
cxd4 9. Nxd4 Nxd4 10. Bxd4 Bc5 11. Bxc5 Nxc5 12. Qd4 Nd7 13. O-O-O Qb6 14. Qd2
Nc5 15. Rhf1 Bd7 16. g4 O-O-O 17. Bf3 Na4 18. Nxa4 Bxa4 19. f5 Kb8 20. Qd4 Qxd4
21. Rxd4 Bb5 22. Rfd1 Rc8 23. Kb1 a5 24. Bg2 Rc5 25. Bf1 Bc6 26. a3 Rc8 27. Bd3
Bd7 28. Rd2 b5 29. Rf2 exf5 30. Bxf5 Bxf5 31. gxf5 Re8 32. Re2 Kc7 33. c3 Kc6
34. Rg4 g6 35. fxg6 fxg6 36. Rf4 Kd7 37. Kc2 Rc4 38. Rd4 Ke6 39. Rf2 Re7 40.
Kd3 Kxe5 41. Re2+ Kd6 42. Rxe7 Kxe7 43. Rxd5 Rh4 44. Rxb5 Rxh2 45. Rb6 g5 46.
Ke4 g4 47. Kf4 h5 48. a4 Rf2+ 49. Kg5 g3 50. Kh4 g2 51. Rg6 Rxb2 52. Kxh5 Rc2
53. Kh4 Rxc3 54. Rxg2 Rc4+ 55. Kg3 1/2-1/2

[Event "V. Solinger Karnevals-Open"]
[Site "Solingen"]
[Date "2014.03.02"]
[Round "4.13"]
[White "Bigott, Martin"]
[Black "Lindam, Ingo"]
[Result "0-1"]
[WhiteElo "1890"]
[BlackElo "2048"]
[PlyCount "48"]
[EventDate "2014.??.??"]
[WhiteTeam "SF Lohmar 1974 e.V."]
[BlackTeam "Kölner SK Dr. Lasker 186"]

1. d4 Nf6 2. Nf3 g6 3. g3 Bg7 4. Bg2 O-O 5. O-O d6 6. b3 c6 7. Bb2 Qa5 8. Nbd2
Qh5 9. Re1 Bh3 10. Bh1 Nbd7 11. e4 Ng4 12. Nh4 Bf6 13. Ndf3 Rad8 14. Ng2 e5 15.
c3 Be7 16. Ngh4 f5 17. exf5 gxf5 18. dxe5 dxe5 19. Qe2 Bc5 20. Qc4+ Rf7 21. Re2
e4 22. Nd4 Nge5 23. Qe6 Bxd4 24. cxd4 Qxe2 0-1

[Event "V. Solinger Karnevals-Open"]
[Site "Solingen"]
[Date "2014.03.02"]
[Round "4.14"]
[White "Bosbach, Jens"]
[Black "Vranidis, Athanassios"]
[Result "1-0"]
[WhiteElo "2021"]
[BlackElo "1883"]
[PlyCount "51"]
[EventDate "2014.??.??"]
[WhiteTeam "Langenfelder SF 1933"]
[BlackTeam "SG Solingen e.V."]

1. d4 d5 2. Nf3 Nf6 3. e3 e6 4. Bd3 c5 5. b3 Nc6 6. Bb2 Bd6 7. Nbd2 cxd4 8.
exd4 O-O 9. a3 b6 10. O-O Bb7 11. Qe2 Ne7 12. Ne5 Ng6 13. Nxg6 hxg6 14. Nf3 Qc7
15. Ne5 Rac8 16. f4 Bxe5 17. fxe5 Ne4 18. Qg4 Qd8 19. h4 Rc7 20. a4 Re8 21. Rf3
g5 22. Rh3 gxh4 23. Rxh4 Qg5 24. Qh3 f5 25. exf6 Nxf6 26. Bc1 1-0

[Event "V. Solinger Karnevals-Open"]
[Site "Solingen"]
[Date "2014.03.02"]
[Round "4.15"]
[White "Speck, Stefan"]
[Black "Kissing, Bastian"]
[Result "1-0"]
[WhiteElo "2001"]
[BlackElo "1563"]
[PlyCount "51"]
[EventDate "2014.??.??"]
[WhiteTeam "SC Solingen 1928 e.V."]
[BlackTeam "SC Tornado Wuppertal 199"]

1. d4 Nf6 2. c4 e6 3. g3 d5 4. Bg2 c5 5. Nf3 Nc6 6. O-O cxd4 7. Nxd4 Be7 8.
cxd5 exd5 9. Nc3 O-O 10. b3 Bg4 11. h3 Be6 12. Bb2 Qd7 13. Nxe6 fxe6 14. e4 Bb4
15. exd5 Bxc3 16. Bxc3 Nxd5 17. Bb2 Qf7 18. Qe2 Rfe8 19. Rfe1 Rad8 20. Rad1 e5
21. Qc4 Ndb4 22. Bf1 Nd5 23. a3 Nd4 24. Bxd4 exd4 25. Rxe8+ Qxe8 26. Qxd4 1-0

[Event "V. Solinger Karnevals-Open"]
[Site "Solingen"]
[Date "2014.03.02"]
[Round "4.16"]
[White "Peters, Jens"]
[Black "Görke, Joachim"]
[Result "0-1"]
[WhiteElo "1723"]
[BlackElo "2096"]
[PlyCount "100"]
[EventDate "2014.??.??"]
[WhiteTeam "SK Xanten e.V."]
[BlackTeam "SG Solingen e.V."]

1. e4 e5 2. Nf3 Nc6 3. d4 exd4 4. Bc4 Nf6 5. e5 d5 6. Bb5 Ne4 7. Nxd4 Bd7 8.
Bxc6 bxc6 9. O-O Bc5 10. f3 Ng5 11. Be3 Bb6 12. f4 Ne4 13. Nd2 Nxd2 14. Qxd2 c5
15. Nb3 d4 16. Bf2 Bc6 17. Qd3 Qd5 18. Qg3 c4 19. Nd2 O-O-O 20. Qf3 Qe6 21. f5
Bxf3 22. fxe6 Bd5 23. exf7 Bxf7 24. Nf3 Bg6 25. c3 dxc3 26. bxc3 Rd3 27. Bxb6
axb6 28. Rac1 Rf8 29. Rfd1 Rfd8 30. Rxd3 cxd3 31. Rd1 c5 32. Kf2 Kc7 33. Ke3
Ra8 34. Rd2 b5 35. Rb2 Kc6 36. e6 Kd5 37. Nd2 Re8 38. Rxb5 Rxe6+ 39. Kf3 Re2
40. Rb2 Be4+ 41. Kf4 Rf2+ 42. Kg3 Re2 43. Kf4 Bxg2 44. a4 Bh3 45. a5 Bc8 46.
Rb8 Rxd2 47. Rxc8 Rxh2 48. Ke3 Kc4 49. a6 Re2+ 50. Kf3 Ra2 0-1

[Event "V. Solinger Karnevals-Open"]
[Site "Solingen"]
[Date "2014.03.02"]
[Round "4.17"]
[White "Krieger, Alexander"]
[Black "Täger, Torsten"]
[Result "0-1"]
[WhiteElo "1737"]
[BlackElo "2068"]
[PlyCount "80"]
[EventDate "2014.??.??"]
[WhiteTeam "Schach-Klub Tönsberg Oerlinghaus"]
[BlackTeam "SV Lahn Limburg"]

1. e4 d6 2. d4 Nf6 3. Bd3 e5 4. Ne2 Nc6 5. d5 Nb4 6. c4 a5 7. Nbc3 Nxd3+ 8.
Qxd3 Be7 9. h3 O-O 10. O-O Nh5 11. g4 Nf6 12. f4 exf4 13. Bxf4 Nd7 14. Qg3 Bh4
15. Qg2 Nc5 16. Nd4 Bg5 17. Nf5 Bxf4 18. Rxf4 Nd3 19. Rff1 Ne5 20. b3 Bd7 21.
a4 Qg5 22. Qg3 h5 23. Rf4 hxg4 24. hxg4 g6 25. Ne3 Nd3 26. Rff1 Rae8 27. e5
Qxe5 28. Qxe5 Rxe5 29. Ng2 Bxg4 30. Nb5 Re7 31. Ra2 Nc5 32. Rb2 Bh3 33. Nd4
Rfe8 34. Rf3 Bxg2 35. Rxg2 Rd7 36. Nf5 Kf8 37. Rh3 gxf5 38. Rh8+ Ke7 39. Re2+
Ne4 40. Rxe8+ Kxe8 0-1

[Event "V. Solinger Karnevals-Open"]
[Site "Solingen"]
[Date "2014.03.02"]
[Round "4.18"]
[White "Chittka, Julius"]
[Black "Nink, Niklas"]
[Result "1-0"]
[WhiteElo "1967"]
[BlackElo "1720"]
[PlyCount "57"]
[EventDate "2014.??.??"]
[WhiteTeam "Verein f. Sport u. Freizeit v. 1"]
[BlackTeam "SG Solingen e.V."]

1. d4 d5 2. c4 e5 3. cxd5 Qxd5 4. e3 Nc6 5. Nc3 Bb4 6. Bd2 Bxc3 7. bxc3 Nf6 8.
c4 Qe4 9. f3 Qh4+ 10. g3 Qg5 11. d5 Ne7 12. e4 Qg6 13. Bg2 O-O 14. Ne2 h6 15.
O-O Nh7 16. f4 exf4 17. Nxf4 Qd6 18. Qe2 Ng6 19. Nd3 Ne5 20. Bb4 Qb6+ 21. Bc5
Qa5 22. Bxf8 Nxd3 23. Bxg7 Qc5+ 24. Kh1 Kxg7 25. Qxd3 Bd7 26. e5 Rd8 27. Rxf7+
Kxf7 28. Qxh7+ Ke8 29. Rf1 1-0

[Event "V. Solinger Karnevals-Open"]
[Site "Solingen"]
[Date "2014.03.02"]
[Round "4.19"]
[White "Gula, Julian"]
[Black "Hoffmann, Philipp"]
[Result "1-0"]
[WhiteElo "1586"]
[BlackElo "1914"]
[PlyCount "141"]
[EventDate "2014.??.??"]
[WhiteTeam "Verein f. Sport u. Freizeit v. 1"]
[BlackTeam "Schach Nienberge 2003"]

1. d4 Nf6 2. c4 c5 3. d5 b5 4. cxb5 a6 5. bxa6 Bxa6 6. Nc3 d6 7. Nf3 g6 8. g3
Bg7 9. Bg2 O-O 10. O-O Nbd7 11. Qc2 Nb6 12. Rd1 Qc7 13. e4 Bb7 14. Bd2 Rfb8 15.
b3 Ne8 16. a4 Qd7 17. Bf1 Nc7 18. a5 Nbxd5 19. exd5 Nxd5 20. Be2 Nb4 21. Qc1
Qe6 22. Bh6 Qxb3 23. Bxg7 Kxg7 24. Ra3 Qe6 25. Ng5 Qf5 26. g4 Qd7 27. Nce4 Bxe4
28. Nxe4 Qc8 29. Qc3+ Kg8 30. h3 Na6 31. Bc4 Rb4 32. Ng5 d5 33. Qf3 Qf8 34.
Bxd5 Rab8 35. Bxf7+ Kh8 36. Qc3+ Qg7 37. Qxg7+ Kxg7 38. Bd5 c4 39. Rc3 Ra4 40.
Rxc4 Rxa5 41. Ne6+ Kh8 42. Rdc1 h6 43. Rc8+ Rxc8 44. Rxc8+ Kh7 45. Bf3 Re5 46.
Nd4 Nb4 47. Rc7 Na6 48. Ra7 Nb4 49. Rb7 Nd3 50. Nc6 Re1+ 51. Kg2 Ra1 52. Rxe7+
Kh8 53. Be4 Nf4+ 54. Kg3 g5 55. Rh7+ Kg8 56. Ne7+ Kf8 57. Ng6+ Kg8 58. Nxf4
gxf4+ 59. Kxf4 Ra4 60. Rxh6 Kg7 61. Rg6+ Kf7 62. h4 Rb4 63. h5 Rb2 64. f3 Rb5
65. Rg5 Rb6 66. Bd5+ Kf8 67. Rg6 Rb4+ 68. Ke5 Ra4 69. h6 Ra7 70. Rg8+ Ke7 71.
Rg7+ 1-0

[Event "V. Solinger Karnevals-Open"]
[Site "Solingen"]
[Date "2014.03.02"]
[Round "4.20"]
[White "Hoffmann, Frank"]
[Black "Härtel, Stephan"]
[Result "0-1"]
[WhiteElo "1843"]
[BlackElo "1926"]
[PlyCount "70"]
[EventDate "2014.??.??"]
[WhiteTeam "SV Springer 70 Hitdorf"]
[BlackTeam "SV Turm 25 Bergheim"]

1. f4 d5 2. Nf3 c5 3. e3 Nc6 4. Bb5 Bd7 5. O-O a6 6. Bxc6 Bxc6 7. Ne5 Qd6 8.
Nxc6 Qxc6 9. b3 Nf6 10. Bb2 h5 11. Qf3 O-O-O 12. d3 e6 13. Nd2 Be7 14. Rac1 Rh6
15. f5 Qc7 16. e4 Ng4 17. g3 d4 18. Rce1 Bg5 19. Bc1 Be3+ 20. Kg2 Ne5 21. Qe2
Ng4 22. h3 Nf6 23. Nc4 Bxc1 24. Rxc1 b5 25. Nb2 h4 26. Qf3 Qxg3+ 27. Qxg3 hxg3
28. Kxg3 Rdh8 29. Rh1 exf5 30. exf5 Nd5 31. Nd1 b4 32. a3 Ne7 33. axb4 cxb4 34.
Kf4 Rh4+ 35. Ke5 Kd7 0-1

[Event "V. Solinger Karnevals-Open"]
[Site "Solingen"]
[Date "2014.03.02"]
[Round "4.21"]
[White "Meckel, Helmut"]
[Black "Wiedemann, Jan"]
[Result "1-0"]
[WhiteElo "1820"]
[BlackElo "1611"]
[PlyCount "99"]
[EventDate "2014.??.??"]
[WhiteTeam "SG Solingen e.V."]
[BlackTeam "SC Heilsbronn 1951 e.V."]

1. b4 Nf6 2. Bb2 e6 3. b5 b6 4. e3 Bb7 5. c4 Be7 6. Nf3 O-O 7. a4 a6 8. Nc3 d5
9. cxd5 Nxd5 10. Qc2 Nxc3 11. Bxc3 Nd7 12. d4 axb5 13. axb5 Nf6 14. Bd3 Rxa1+
15. Bxa1 Qa8 16. Ke2 Be4 17. Bb2 Bxd3+ 18. Qxd3 Qd5 19. Rc1 Bd6 20. Kf1 Ra8 21.
Ra1 Rxa1+ 22. Bxa1 Qa2 23. Bc3 Ng4 24. Be1 Bb4 25. Qe2 Qb1 26. g3 Bxe1 27. Nxe1
Qe4 28. f3 Nxe3+ 29. Kf2 Qxd4 30. Qxe3 Qd5 31. Qd3 Qd6 32. Qxd6 cxd6 33. Nd3
Kf8 34. Nb2 Ke7 35. Na4 Kd8 36. Nxb6 Kc7 37. Na4 h6 38. f4 Kb7 39. Ke3 Kc7 40.
Ke4 g6 41. Kd4 Kb7 42. Kc4 Kc7 43. Kb4 f5 44. Ka5 g5 45. Ka6 gxf4 46. gxf4 e5
47. fxe5 dxe5 48. b6+ Kb8 49. b7 e4 50. Kb6 1-0